Fundamentals of computer-aided circuit simulation / (Record no. 175459)

000 -LEADER
fixed length control field 01283 a2200241 4500
003 - CONTROL NUMBER IDENTIFIER
control field Nust
005 - DATE AND TIME OF LATEST TRANSACTION
control field 20221019105613.0
010 ## - LIBRARY OF CONGRESS CONTROL NUMBER
LC control number 87022846
020 ## - INTERNATIONAL STANDARD BOOK NUMBER
International Standard Book Number 0898382483 :
040 ## - CATALOGING SOURCE
Transcribing agency Nust
082 00 - DEWEY DECIMAL CLASSIFICATION NUMBER
Classification number 620.00420285,MCC
100 1# - MAIN ENTRY--PERSONAL NAME
Personal name McCalla, William J.
9 (RLIN) 100752
245 10 - TITLE STATEMENT
Title Fundamentals of computer-aided circuit simulation /
Statement of responsibility, etc. William J. McCalla.
260 ## - PUBLICATION, DISTRIBUTION, ETC.
Place of publication, distribution, etc. Boston :
Name of publisher, distributor, etc. Kluwer Academic Publishers,
Date of publication, distribution, etc. [1987], c1988.
300 ## - PHYSICAL DESCRIPTION
Extent xv, 175 p. :
Other physical details ill. ;
Dimensions 25 cm.
490 1# - SERIES STATEMENT
Series statement The Kluwer international series in engineering and computer science ;
Volume/sequential designation SECS 37.
Series statement VLSI, computer architecture, and digital signal processing
505 ## - FORMATTED CONTENTS NOTE
Formatted contents note Circuit Equation Formulation (Page-1), Linear Equation Solution (Page-17), Sparse Matrix Methods (Page-37), Nonlinear Equation Solution (Page-53), Numerical Integration (Page-87), Adjoin t Networks and Sensitivity (Page-125), Pole-Zero Evaluation (Page-137), Statistical Analysis (Page-149).
650 #0 - SUBJECT ADDED ENTRY--TOPICAL TERM
Topical term or geographic name entry element Computer-aided design.
650 #0 - SUBJECT ADDED ENTRY--TOPICAL TERM
Topical term or geographic name entry element Integrated circuits
General subdivision Very large scale integration
-- Design and construction
-- Data processing.
9 (RLIN) 100753
830 #0 - SERIES ADDED ENTRY--UNIFORM TITLE
Uniform title Kluwer international series in engineering and computer science ;
9 (RLIN) 82222
830 #0 - SERIES ADDED ENTRY--UNIFORM TITLE
Uniform title Kluwer international series in engineering and computer science.
9 (RLIN) 82222
942 ## - ADDED ENTRY ELEMENTS (KOHA)
Koha item type Book
Source of classification or shelving scheme
Holdings
Withdrawn status Lost status Source of classification or shelving scheme Damaged status Not for loan Permanent Location Current Location Shelving location Date acquired Full call number Barcode Date last seen Price effective from Koha item type Public note
          Military College of Signals (MCS) Military College of Signals (MCS) General Stacks 12/12/2016 620.00420285,MCC MCS493 12/08/2016 12/12/2016 Book Almirah No.27, Shelf No .1
© 2023 Central Library, National University of Sciences and Technology. All Rights Reserved.